000 00608nam a2200229Ia 4500
003 OSt
005 20221007063234.0
006 a|||||r|||| 00| 0
007 ta
008 221006b |||||||| |||| 00| 0 eng d
024 _a19,863
037 _cTextual
040 _aFLL
_cFLL
_beng
041 _2eng
_aeng
082 _aV2:19z7N69, L2
100 _aAgarwala S.K.
_9438108
245 0 _aEssays on the law of treaties
260 _aBombay
_bOrient longman India
_c1972
300 _a296p
_ccm.
942 _hV2:19z7N69, L2
_cTEXL
_2CC
999 _c1130769
_d1130769